[Event "Magistral Ajedrez 2019"]
[Site "Zaragoza"]
[Date "2019.07.20"]
[Round "8.5"]
[White "Gomez Anadon, Daniel"]
[Black "Villuendas Valero, Adrian"]
[Result "1/2-1/2"]
[WhiteElo "2305"]
[BlackElo "2250"]
[Annotator "NA"]
[PlyCount "64"]
[EventDate "2019.07.15"]
[EventType "swiss"]
[EventCountry "ESP"]
[SourceTitle "playchess.com"]
[Source "ChessBase"]
[SourceQuality "1"]
[TimeControl "5400+30"]

1. Nf3 {[%emt 0:00:00]} c5 {[%emt 0:00:00]} 2. g3 {[%emt 0:00:53]} Nc6 {[%emt 0:01:15]} 3. Bg2 {[%emt 0:01:07]} g6 {[%emt 0:00:17]} 4. O-O {[%emt 0:01:57]} Bg7 {[%emt 0:00:11]} 5. e4 {[%emt 0:07:26]} d6 {[%emt 0:00:42]} 6. d3 {[%emt 0:05:46]} e5 {[%emt 0:01:51]} 7. c3 {[%emt 0:06:39]} Nge7 {[%emt 0:01:10]} 8. a3 {[%emt 0:00:06]} O-O {[%emt 0:01:24]} 9. b4 {[%emt 0:00:12]} h6 {[%emt 0:04:30]} 10. b5 {[%emt 0:06:46]} Na5 {[%emt 0:01:43]} 11. c4 {[%emt 0:00:19]} f5 {[%emt 0:11:16]} 12. Nfd2 {[%emt 0:00:34]} f4 {[%emt 0:01:43]} 13. Nc3 {[%emt 0:03:11]} g5 {[%emt 0:04:20]} 14. Bb2 {[%emt 0:15:34]} g4 {[%emt 0:07:31]} 15. f3 {[%emt 0:03:23]} h5 {[%emt 0:01:46]} 16. Nd5 {[%emt 0:02:12]} Ng6 {[%emt 0:02:38]} 17. Bc3 {[%emt 0:10:45]} b6 {[%emt 0:10:59]} 18. a4 {[%emt 0:01:31]} Qg5 {[%emt 0:06:07]} 19. Qe1 {[%emt 0:00:43]} h4 {[%emt 0:22:04]} 20. fxg4 {[%emt 0:06:31]} hxg3 {[%emt 0:01:59]} 21. h3 {[%emt 0:03:14]} Rf7 {[%emt 0:04:09]} 22. Bxa5 {[%emt 0:01:19]} bxa5 {[%emt 0:00:04]} 23. Nf3 {[%emt 0:00:14]} Qd8 {[%emt 0:00:51]} 24. Rb1 {[%emt 0:01:24]} Rb8 {[%emt 0:00:43]} 25. Rb2 {[%emt 0:00:42]} Bf8 {[%emt 0:03:09]} 26. Qd2 {[%emt 0:02:21]} Be6 {[%emt 0:02:47]} 27. Rc1 {[%emt 0:05:34]} Rh7 {[%emt 0:01:30]} 28. Kf1 {[%emt 0:00:55]} Kh8 {[%emt 0:01:12]} 29. Qe2 {[%emt 0:06:49]} Bh6 {[%emt 0:03:01]} 30. Ke1 {[%emt 0:00:40]} Bg5 {[%emt 0:02:37]} 31. Kd1 {[%emt 0:00:36]} Nh4 {[%emt 0:00:44]} 32. Nxh4 {[%emt 0:01:07]} Bxh4 {[%emt 0:00:29]} 1/2-1/2

[Event "Magistral Ajedrez 2019"]
[Site "Zaragoza"]
[Date "2019.07.21"]
[Round "9.1"]
[White "Villuendas Valero, Adrian"]
[Black "Romero Pallares, Daniel"]
[Result "1-0"]
[WhiteElo "2250"]
[BlackElo "2230"]
[Annotator "NA"]
[PlyCount "143"]
[EventDate "2019.07.15"]
[EventType "swiss"]
[EventCountry "ESP"]
[SourceTitle "playchess.com"]
[Source "ChessBase"]
[SourceQuality "1"]
[TimeControl "5400+30"]

1. d4 {[%emt 0:00:00]} Nf6 {[%emt 0:00:00]} 2. c4 {[%emt 0:00:00]} g6 {[%emt 0:00:00]} 3. Nc3 {[%emt 0:00:00]} Bg7 {[%emt 0:00:00]} 4. Nf3 {[%emt 0:00:05]} O-O {[%emt 0:00:10]} 5. Bg5 {[%emt 0:00:06]} c5 {[%emt 0:01:55]} 6. e3 {[%emt 0:01:28]} cxd4 {[%emt 0:00:36]} 7. exd4 {[%emt 0:00:12]} d5 {[%emt 0:01:42]} 8. Bxf6 {[%emt 0:09:35]} exf6 {[%emt 0:00:05]} 9. cxd5 {[%emt 0:02:56]} Nd7 {[%emt 0:02:20]} 10. Be2 {[%emt 0:17:54]} Nb6 {[%emt 0:04:57]} 11. Qb3 {[%emt 0:01:32]} Qd6 {[%emt 0:00:23]} 12. O-O {[%emt 0:02:14]} Bd7 {[%emt 0:02:59]} 13. Rfe1 {[%emt 0:02:00]} Rad8 {[%emt 0:01:43]} 14. a4 {[%emt 0:02:31]} a5 {[%emt 0:02:24]} 15. Ne4 {[%emt 0:17:08]} Qb4 {[%emt 0:04:47]} 16. Qxb4 {[%emt 0:03:27]} axb4 {[%emt 0:00:05]} 17. Nc5 {[%emt 0:00:57]} Bc8 {[%emt 0:02:04]} 18. a5 {[%emt 0:01:59]} Nxd5 {[%emt 0:00:19]} 19. h3 {[%emt 0:05:40]} Rfe8 {[%emt 0:05:17]} 20. Bc4 {[%emt 0:02:58]} Rxe1+ {[%emt 0:00:36]} 21. Rxe1 {[%emt 0:00:07]} Kf8 {[%emt 0:00:44]} 22. Nd3 {[%emt 0:07:48]} Bf5 {[%emt 0:08:15]} 23. Nc5 {[%emt 0:00:35]} Bc8 {[%emt 0:10:07]} 24. Nd3 {[%emt 0:03:30]} Bh6 {[%emt 0:03:10]} 25. Ra1 {[%emt 0:03:36]} Bf5 {[%emt 0:03:43]} 26. Nc5 {[%emt 0:01:02]} Bc8 {[%emt 0:00:54]} 27. Bxd5 {[%emt 0:01:41]} Rxd5 {[%emt 0:00:09]} 28. Ra4 {[%emt 0:00:06]} Bf4 {[%emt 0:05:52]} 29. Rxb4 {[%emt 0:00:11]} Bd6 {[%emt 0:01:58]} 30. Rc4 {[%emt 0:01:00]} Ke7 {[%emt 0:01:57]} 31. Kf1 {[%emt 0:04:50]} Be6 {[%emt 0:03:10]} 32. Rc3 {[%emt 0:05:03]} Bxc5 {[%emt 0:02:00]} 33. Rxc5 {[%emt 0:00:50]} Rd6 {[%emt 0:02:35]} 34. Rc7+ {[%emt 0:01:37]} Rd7 {[%emt 0:00:27]} 35. Rc5 {[%emt 0:00:42]} Rd6 {[%emt 0:00:13]} 36. Rc7+ {[%emt 0:01:47]} Rd7 {[%emt 0:00:00]} 37. Rxd7+ {[%emt 0:00:43]} Kxd7 {[%emt 0:00:05]} 38. Ke2 {[%emt 0:00:09]} Kc6 {[%emt 0:00:07]} 39. Nd2 {[%emt 0:00:28]} Bd5 {[%emt 0:00:21]} 40. g3 {[%emt 0:00:28]} Kb5 {[%emt 0:00:15]} 41. Kd3 {[%emt 0:00:07]} f5 {[%emt 0:00:39]} 42. Kc3 {[%emt 0:00:43]} Kxa5 {[%emt 0:00:24]} 43. Nc4+ {[%emt 0:00:13]} Kb5 {[%emt 0:01:25]} 44. Ne3 {[%emt 0:00:17]} Be4 {[%emt 0:00:25]} 45. f4 {[%emt 0:01:28]} Bf3 {[%emt 0:01:19]} 46. h4 {[%emt 0:00:30]} Be4 {[%emt 0:00:09]} 47. Kb3 {[%emt 0:00:18]} Bf3 {[%emt 0:00:20]} 48. Kc3 {[%emt 0:00:15]} Be4 {[%emt 0:00:02]} 49. Nc4 {[%emt 0:00:28]} Bd5 {[%emt 0:01:22]} 50. Ne5 {[%emt 0:00:40]} Be6 {[%emt 0:00:43]} 51. Nf3 {[%emt 0:01:00]} f6 {[%emt 0:03:50]} 52. Ne1 {[%emt 0:00:28]} Bd5 {[%emt 0:00:41]} 53. Nc2 {[%emt 0:00:13]} Be4 {[%emt 0:00:37]} 54. Ne3 {[%emt 0:00:05]} Bf3 {[%emt 0:00:23]} 55. d5 {[%emt 0:01:13]} Kc5 {[%emt 0:00:51]} 56. b4+ {[%emt 0:00:08]} Kb5 {[%emt 0:01:48]} 57. Kd4 {[%emt 0:00:19]} Kb6 {[%emt 0:03:38]} 58. Nc4+ {[%emt 0:00:09]} Kc7 {[%emt 0:00:20]} 59. Kc5 {[%emt 0:00:13]} Be2 {[%emt 0:00:48]} 60. Nb6 {[%emt 0:00:25]} Bf3 {[%emt 0:00:18]} 61. b5 {[%emt 0:00:48]} Bg2 {[%emt 0:01:30]} 62. d6+ {[%emt 0:00:48]} Kd8 {[%emt 0:00:05]} 63. Nd5 {[%emt 0:00:21]} Bxd5 {[%emt 0:00:16]} 64. Kxd5 {[%emt 0:00:04]} Kd7 {[%emt 0:00:05]} 65. Kc5 {[%emt 0:00:11]} h5 {[%emt 0:01:09]} 66. Kb6 {[%emt 0:00:20]} Kxd6 {[%emt 0:00:07]} 67. Kxb7 {[%emt 0:00:04]} Kd5 {[%emt 0:00:06]} 68. Kc7 {[%emt 0:00:27]} Ke4 {[%emt 0:00:04]} 69. b6 {[%emt 0:00:02]} Kf3 {[%emt 0:00:04]} 70. b7 {[%emt 0:00:08]} Kxg3 {[%emt 0:00:04]} 71. b8=Q {[%emt 0:00:08]} Kxh4 {[%emt 0:00:11]} 72. Qf8 {[%emt 0:01:13]} 1-0

[Event "Magistral Ajedrez 2019"]
[Site "Zaragoza"]
[Date "2019.07.21"]
[Round "9.2"]
[White "Randazzo, Adrian"]
[Black "Gomez Anadon, Daniel"]
[Result "1/2-1/2"]
[WhiteElo "2227"]
[BlackElo "2305"]
[Annotator "NA"]
[PlyCount "61"]
[EventDate "2019.07.15"]
[EventType "swiss"]
[EventCountry "ESP"]
[SourceTitle "playchess.com"]
[Source "ChessBase"]
[SourceQuality "1"]
[TimeControl "5400+30"]

1. e4 {[%emt 0:00:00]} e5 {[%emt 0:00:00]} 2. Nf3 {[%emt 0:00:00]} Nf6 {[%emt 0:00:00]} 3. Nxe5 {[%emt 0:00:00]} d6 {[%emt 0:00:00]} 4. Nf3 {[%emt 0:00:05]} Nxe4 {[%emt 0:00:00]} 5. Qe2 {[%emt 0:00:08]} Qe7 {[%emt 0:00:15]} 6. d3 {[%emt 0:00:12]} Nf6 {[%emt 0:00:14]} 7. Bg5 {[%emt 0:00:17]} Qxe2+ {[%emt 0:00:25]} 8. Bxe2 {[%emt 0:00:08]} Be7 {[%emt 0:00:10]} 9. Nc3 {[%emt 0:00:20]} c6 {[%emt 0:00:35]} 10. O-O {[%emt 0:00:49]} h6 {[%emt 0:00:23]} 11. Bd2 {[%emt 0:00:45]} O-O {[%emt 0:00:15]} 12. Rfe1 {[%emt 0:00:06]} d5 {[%emt 0:00:35]} 13. h3 {[%emt 0:00:26]} Bf5 {[%emt 0:01:08]} 14. Bf1 {[%emt 0:00:33]} Bd6 {[%emt 0:00:21]} 15. Ne2 {[%emt 0:00:44]} Nbd7 {[%emt 0:00:15]} 16. Bf4 {[%emt 0:00:14]} Bxf4 {[%emt 0:00:08]} 17. Nxf4 {[%emt 0:00:05]} Rfe8 {[%emt 0:00:18]} 18. Rxe8+ {[%emt 0:01:14]} Rxe8 {[%emt 0:00:07]} 19. Re1 {[%emt 0:00:05]} Rxe1 {[%emt 0:00:13]} 20. Nxe1 {[%emt 0:00:06]} Kf8 {[%emt 0:00:22]} 21. f3 {[%emt 0:00:38]} Ke7 {[%emt 0:00:18]} 22. Kf2 {[%emt 0:00:05]} Nc5 {[%emt 0:00:21]} 23. b3 {[%emt 0:00:17]} Ne6 {[%emt 0:00:18]} 24. Nxe6 {[%emt 0:00:06]} Kxe6 {[%emt 0:00:07]} 25. d4 {[%emt 0:00:14]} Ne8 {[%emt 0:00:27]} 26. Bd3 {[%emt 0:00:10]} Nd6 {[%emt 0:00:16]} 27. Ke3 {[%emt 0:00:19]} Bxd3 {[%emt 0:00:15]} 28. Kxd3 {[%emt 0:00:19]} Kf5 {[%emt 0:00:47]} 29. Ke3 {[%emt 0:00:21]} Ke6 {[%emt 0:00:08]} 30. Kd3 {[%emt 0:00:12]} Kf5 {[%emt 0:00:10]} 31. Ke3 {[%emt 0:00:07] Ke5 Ke4+} 1/2-1/2

[Event "Magistral Ajedrez 2019"]
[Site "Zaragoza"]
[Date "2019.07.21"]
[Round "9.3"]
[White "Chueca Forcen, Alberto"]
[Black "Llorente Zaro, Alfonso"]
[Result "1/2-1/2"]
[WhiteElo "2283"]
[BlackElo "2445"]
[Annotator "NA"]
[PlyCount "43"]
[EventDate "2019.07.15"]
[EventType "swiss"]
[EventCountry "ESP"]
[SourceTitle "playchess.com"]
[Source "ChessBase"]
[SourceQuality "1"]
[TimeControl "5400+30"]

1. d4 {[%emt 0:00:00]} d5 {[%emt 0:00:00]} 2. Bf4 {[%emt 0:00:00]} Nf6 {[%emt 0:00:00]} 3. e3 {[%emt 0:00:11]} e6 {[%emt 0:00:04]} 4. Nd2 {[%emt 0:00:20]} c5 {[%emt 0:00:18]} 5. c3 {[%emt 0:00:16]} Nc6 {[%emt 0:00:24]} 6. Ngf3 {[%emt 0:00:39]} Bd6 {[%emt 0:00:18]} 7. Bg3 {[%emt 0:00:20]} O-O {[%emt 0:00:28]} 8. Bd3 {[%emt 0:00:28]} Qe7 {[%emt 0:00:34]} 9. Ne5 {[%emt 0:00:42]} Nd7 {[%emt 0:01:01]} 10. Nxd7 {[%emt 0:00:33]} Qxd7 {[%emt 0:00:24]} 11. Bxd6 {[%emt 0:00:22]} Qxd6 {[%emt 0:00:09]} 12. dxc5 {[%emt 0:00:22]} Qxc5 {[%emt 0:00:09]} 13. Bxh7+ {[%emt 0:00:37]} Kxh7 {[%emt 0:00:12]} 14. Qh5+ {[%emt 0:00:06]} Kg8 {[%emt 0:00:07]} 15. Ne4 {[%emt 0:00:07]} g6 {[%emt 0:00:09]} 16. Qg5 {[%emt 0:00:17]} Qe7 {[%emt 0:00:08]} 17. Nf6+ {[%emt 0:00:07]} Kg7 {[%emt 0:00:06]} 18. Nh5+ {[%emt 0:00:06]} Kh7 {[%emt 0:01:32]} 19. Nf6+ {[%emt 0:00:12]} Kg7 {[%emt 0:00:05]} 20. Nh5+ {[%emt 0:00:06]} Kh7 {[%emt 0:00:07]} 21. Nf6+ {[%emt 0:00:05]} Kg7 {[%emt 0:00:05]} 22. Nh5+ {[%emt 0:00:06]} 1/2-1/2

[Event "Magistral Ajedrez 2019"]
[Site "Zaragoza"]
[Date "2019.07.21"]
[Round "9.4"]
[White "Shome Shiv"]
[Black "Sos Andreu, Eric"]
[Result "1/2-1/2"]
[WhiteElo "2298"]
[BlackElo "2343"]
[Annotator "NA"]
[PlyCount "45"]
[EventDate "2019.07.15"]
[EventType "swiss"]
[EventCountry "ESP"]
[SourceTitle "playchess.com"]
[Source "ChessBase"]
[SourceQuality "1"]
[TimeControl "5400+30"]

1. e4 {[%emt 0:00:00]} e5 {[%emt 0:00:00]} 2. Nf3 {[%emt 0:00:00]} Nf6 {[%emt 0:00:00]} 3. Nxe5 {[%emt 0:00:10]} d6 {[%emt 0:00:00]} 4. Nf3 {[%emt 0:00:30]} Nxe4 {[%emt 0:00:06]} 5. Qe2 {[%emt 0:00:45]} Qe7 {[%emt 0:00:24]} 6. d3 {[%emt 0:00:05]} Nf6 {[%emt 0:01:04]} 7. Bg5 {[%emt 0:00:32]} Qxe2+ {[%emt 0:06:03]} 8. Bxe2 {[%emt 0:00:10]} Be7 {[%emt 0:00:01]} 9. Nc3 {[%emt 0:00:18]} c6 {[%emt 0:00:38]} 10. O-O {[%emt 0:00:08]} Nbd7 {[%emt 0:02:02]} 11. Rfe1 {[%emt 0:01:29]} Nf8 {[%emt 0:02:13]} 12. h3 {[%emt 0:03:06]} Ne6 {[%emt 0:00:57]} 13. Bd2 {[%emt 0:01:24]} O-O {[%emt 0:02:34]} 14. d4 {[%emt 0:07:51]} d5 {[%emt 0:01:52]} 15. Bd3 {[%emt 0:00:37]} Bd6 {[%emt 0:00:44]} 16. g3 {[%emt 0:01:46]} Bd7 {[%emt 0:01:15]} 17. Rad1 {[%emt 0:06:34]} Rfe8 {[%emt 0:01:50]} 18. a3 {[%emt 0:03:09]} Bc7 {[%emt 0:03:22]} 19. Kg2 {[%emt 0:05:02]} Rad8 {[%emt 0:00:32]} 20. Kg1 {[%emt 0:03:55]} Bc8 {[%emt 0:02:05]} 21. Kg2 {[%emt 0:01:00]} Bd7 {[%emt 0:01:25]} 22. Kg1 {[%emt 0:00:05]} Bc8 {[%emt 0:00:04]} 23. Kg2 1/2-1/2

[Event "Magistral Ajedrez 2019"]
[Site "Zaragoza"]
[Date "2019.07.21"]
[Round "9.5"]
[White "Dardha, Daniel"]
[Black "Kovacevic, Slobodan"]
[Result "1/2-1/2"]
[WhiteElo "2420"]
[BlackElo "2257"]
[Annotator "NA"]
[PlyCount "55"]
[EventDate "2019.07.15"]
[EventType "swiss"]
[EventCountry "ESP"]
[SourceTitle "playchess.com"]
[Source "ChessBase"]
[SourceQuality "1"]
[TimeControl "5400+30"]

1. d4 {[%emt 0:00:00]} Nf6 {[%emt 0:00:00]} 2. c4 {[%emt 0:00:00]} e6 {[%emt 0:00:00]} 3. Nc3 {[%emt 0:00:00]} c5 {[%emt 0:01:18]} 4. Nf3 {[%emt 0:00:00]} cxd4 {[%emt 0:00:39]} 5. Nxd4 {[%emt 0:00:00]} a6 {[%emt 0:00:20]} 6. a3 {[%emt 0:00:32]} Qc7 {[%emt 0:00:10]} 7. e4 {[%emt 0:00:03]} b6 {[%emt 0:00:24]} 8. Be3 {[%emt 0:00:17]} Bb7 {[%emt 0:00:07]} 9. f3 {[%emt 0:00:03]} d6 {[%emt 0:00:30]} 10. Rc1 {[%emt 0:00:14]} Nbd7 {[%emt 0:01:16]} 11. Be2 {[%emt 0:00:11]} Rc8 {[%emt 0:01:04]} 12. O-O {[%emt 0:00:17]} Be7 {[%emt 0:00:27]} 13. b4 {[%emt 0:00:21]} O-O {[%emt 0:00:16]} 14. Nb3 {[%emt 0:00:19]} Qb8 {[%emt 0:00:50]} 15. Kh1 {[%emt 0:00:18]} Rfe8 {[%emt 0:00:48]} 16. Bg1 {[%emt 0:00:13]} Bd8 {[%emt 0:03:45]} 17. Qd2 {[%emt 0:00:33]} Bc7 {[%emt 0:00:11]} 18. Rc2 {[%emt 0:00:30]} Red8 {[%emt 0:04:08]} 19. Rd1 {[%emt 0:00:10]} Ne5 {[%emt 0:01:37]} 20. Qc1 {[%emt 0:00:19]} Nfd7 {[%emt 0:01:21]} 21. Bf1 {[%emt 0:00:12]} h6 {[%emt 0:01:40]} 22. Qb1 {[%emt 0:00:35]} Qa8 {[%emt 0:01:36]} 23. Bf2 {[%emt 0:00:59]} Rb8 {[%emt 0:02:55]} 24. Qc1 {[%emt 0:00:40]} Rbc8 {[%emt 0:00:42]} 25. Qb1 {[%emt 0:00:05]} Rb8 {[%emt 0:00:44]} 26. Qc1 {[%emt 0:00:17]} Rbc8 {[%emt 0:01:25]} 27. Qb1 {[%emt 0:00:07]} Rb8 {[%emt 0:00:27]} 28. Qc1 {[%emt 0:00:07]} 1/2-1/2